000 00350 a2200169 4500
001 69205
020 _a8526257129
040 _cAnchieta - Itaigara
100 _aLeite, Marcia
240 1 0 _aLunetando
_lpor
245 1 0 _aLunetando
300 _a31
362 0 _a2005
440 1 _aScipione
650 4 _aLiteratura infanto-juvenil
942 _cBK
999 _c69205
_d69205